| 000 | 00457nam a22001457a 4500 | ||
|---|---|---|---|
| 020 | _a- | ||
| 082 | _a954.035 MAL | ||
| 100 | _aMalik, Nadeem Shafiq Dr. | ||
| 245 | _aAllama Iqbal kay Chand nadir-o-Nayab Khatoot (Urdu) | ||
| 260 |
_aKarachi _bFiction House _c2015 |
||
| 300 | _a384 p. | ||
| 500 | _aIncludes bibliographical references | ||
| 650 | _a1. Iqbal Muhammad, Sir 1877-1938---Correspondence. 2. Statesmen---India---Correspondence | ||
| 942 | _cBK | ||
| 999 |
_c13565 _d13565 |
||